[Event "Krakow op-B 28th"]
[Site "Krakow"]
[Date "2018.01.02"]
[Round "7"]
[White "Mike, Patryk"]
[Black "Olechnicka, Karolina"]
[Result "1-0"]
[WhiteElo "1964"]
[BlackElo "1908"]
[PlyCount "69"]
[EventDate "2017.12.27"]
[EventType "swiss"]
[EventRounds "9"]
[EventCountry "POL"]
[SourceTitle "CBM 182 Extra"]
[Source "ChessBase"]
[SourceDate "2018.02.23"]
[SourceVersion "1"]
[SourceVersionDate "2018.02.23"]
[SourceQuality "1"]

1. e4 c5 2. Nf3 d6 3. d4 cxd4 4. Qxd4 Nf6 5. c4 Nc6 6. Qe3 Ng4 7. Qb3 e6 8. Be2 Be7 9. 0-0 0-0 10. h3 Nge5 11. Nxe5 Nxe5 12. Be3 b6 13. Nc3 Bb7 14. Rfd1 Qc7 15. Nb5 Qc6 16. f3 Rfd8 17. Rac1 Nd7 18. Nc3 Rac8 19. Nb5 Ra8 20. a3 Nf6 21. Qd3 Nh5 22. f4 Ng3 23. Bf3 e5 24. Nc3 f5 25. Nd5 Bh4 26. exf5 Qc8 27. fxe5 dxe5 28. Bf2 Kh8 29. f6 gxf6 30. Bg4 f5 31. Bxg3 Qc5+ 32. Kh1 Bxg3 33. Qxg3 fxg4 34. Qxe5+ Kg8 35. Qe6+ 1-0

[Event "Krakow op-B 28th"]
[Site "Krakow"]
[Date "2017.12.31"]
[Round "6"]
[White "Olechnicka, Karolina"]
[Black "Dryja, Szymon"]
[Result "1-0"]
[WhiteElo "1908"]
[BlackElo "1861"]
[PlyCount "71"]
[EventDate "2017.12.27"]
[EventType "swiss"]
[EventRounds "9"]
[EventCountry "POL"]
[SourceTitle "CBM 182 Extra"]
[Source "ChessBase"]
[SourceDate "2018.02.23"]
[SourceVersion "1"]
[SourceVersionDate "2018.02.23"]
[SourceQuality "1"]

1. e4 c5 2. Nf3 d6 3. d4 cxd4 4. Nxd4 Nf6 5. Nc3 a6 6. Bg5 Nbd7 7. Bc4 g6 8. f4 Qc7 9. Bb3 Bg7 10. Qf3 0-0 11. 0-0-0 h6 12. Bh4 b5 13. Nd5 Nxd5 14. Bxd5 Bb7 15. Bxe7 Rfb8 16. Ne6 fxe6 17. Bxe6+ Kh7 18. Bxd6 Qb6 19. Bxd7 Rd8 20. Be7 Rxd7 21. Rxd7 Qc6 22. Rxb7 Qxb7 23. e5 Qc8 24. Rd1 Ra7 25. Rd8 Qe6 26. Bc5 Rf7 27. Qb3 Qf5 28. g3 a5 29. Qd3 Qh3 30. Rd6 Rf5 31. e6 Qxh2 32. e7 Qh1+ 33. Qd1 Qe4 34. Rd8 Rxc5 35. e8Q Rxc2+ 36. Qxc2 1-0

[Event "Krakow op-B 28th"]
[Site "Krakow"]
[Date "2017.12.30"]
[Round "5"]
[White "Lehaci, Miruna Daria"]
[Black "Olechnicka, Karolina"]
[Result "1-0"]
[WhiteElo "2011"]
[BlackElo "1908"]
[PlyCount "51"]
[EventDate "2017.12.27"]
[EventType "swiss"]
[EventRounds "9"]
[EventCountry "POL"]
[SourceTitle "CBM 182 Extra"]
[Source "ChessBase"]
[SourceDate "2018.02.23"]
[SourceVersion "1"]
[SourceVersionDate "2018.02.23"]
[SourceQuality "1"]

1. e4 c5 2. Nc3 a6 3. g4 b5 4. Bg2 Bb7 5. d3 e6 6. Nh3 Ne7 7. Bg5 Qc7 8. 0-0 Nbc6 9. Bf4 Qb6 10. a4 b4 11. Ne2 d5 12. Ng3 Rd8 13. Re1 dxe4 14. Nxe4 Ng6 15. Bg3 Be7 16. Nf4 Nxf4 17. Bxf4 0-0 18. g5 Nd4 19. a5 Qa7 20. Re3 f5 21. gxf6 gxf6 22. Qh5 Nf5 23. Rh3 Rf7 24. Kh1 Rd5 25. Rg1 Ng3+ 26. Rxg3+ 1-0

[Event "Krakow op-B 28th"]
[Site "Krakow"]
[Date "2017.12.28"]
[Round "2"]
[White "Olechnicka, Karolina"]
[Black "Mrozowski, Patryk"]
[Result "1-0"]
[WhiteElo "1908"]
[BlackElo "2017"]
[PlyCount "79"]
[EventDate "2017.12.27"]
[EventType "swiss"]
[EventRounds "9"]
[EventCountry "POL"]
[SourceTitle "CBM 182 Extra"]
[Source "ChessBase"]
[SourceDate "2018.02.23"]
[SourceVersion "1"]
[SourceVersionDate "2018.02.23"]
[SourceQuality "1"]

1. e4 c5 2. Nf3 e6 3. d4 cxd4 4. Nxd4 a6 5. Bd3 Qc7 6. 0-0 Nf6 7. Kh1 Be7 8. c4 d6 9. f4 Nbd7 10. Nc3 b6 11. Qf3 Bb7 12. Bd2 Rc8 13. Rae1 h5 14. Qe2 Ng4 15. f5 e5 16. Nd5 Bxd5 17. exd5 Nb8 18. Nf3 Qd8 19. h3 Nd7 20. Kg1 Ngf6 21. Qf2 h4 22. Nxh4 Nxd5 23. Ng6 fxg6 24. cxd5 Bh4 25. g3 Bg5 26. fxg6 Rf8 27. Qe2 b5 28. Rxf8+ Kxf8 29. Rf1+ Kg8 30. Qh5 Bf6 31. Qh7+ Kf8 32. Bh6 Qb6+ 33. Kh2 Ke8 34. Qg8+ Ke7 35. Qxc8 gxh6 36. Bf5 Nf8 37. Be6 Qa5 38. Qb7+ Kd8 39. Qa8+ Ke7 40. Qa7+ 1-0

[Event "POL-chT U20"]
[Site "Szczyrk"]
[Date "2017.07.30"]
[Round "9.17"]
[White "Olechnicka, Karolina"]
[Black "Raczykowska, Paulina"]
[Result "1-0"]
[WhiteElo "1913"]
[BlackElo "1847"]
[PlyCount "67"]
[EventDate "2017.07.22"]
[EventType "team-tourn"]
[EventRounds "9"]
[EventCountry "POL"]
[SourceTitle "EXT 2019"]
[Source "ChessBase"]
[SourceDate "2018.10.10"]
[SourceVersion "1"]
[SourceVersionDate "2018.10.10"]
[SourceQuality "1"]

1. e4 e5 2. Nf3 Nc6 3. d4 exd4 4. Bc4 Bc5 5. c3 Nf6 6. e5 d5 7. Bb5 Ne4 8. cxd4 Bb6 9. Nc3 f5 10. Qa4 Qd7 11. 0-0 a6 12. Qa3 axb5 13. Qxa8 Na7 14. a4 Nxc3 15. bxc3 bxa4 16. Ba3 Qd8 17. e6 Bxe6 18. Qxb7 Bc8 19. Qa8 Kf7 20. Ne5+ Kf6 21. Nc6 Nxc6 22. Qxc6+ Kf7 23. Rfe1 Re8 24. Qxa4 Qd7 25. Qc2 h6 26. Qd2 g5 27. Rxe8 Qxe8 28. Re1 Be6 29. h4 Kf6 30. Qe3 Ba7 31. Qe5+ Kf7 32. Qxc7+ Qd7 33. Qxd7+ Bxd7 34. Re7+ 1-0

[Event "POL-chT U20"]
[Site "Szczyrk"]
[Date "2017.07.24"]
[Round "3.29"]
[White "Kucharska, Honorata"]
[Black "Olechnicka, Karolina"]
[Result "0-1"]
[WhiteElo "2063"]
[BlackElo "1913"]
[PlyCount "140"]
[EventDate "2017.07.22"]
[EventType "team-tourn"]
[EventRounds "9"]
[EventCountry "POL"]
[SourceTitle "EXT 2019"]
[Source "ChessBase"]
[SourceDate "2018.10.10"]
[SourceVersion "1"]
[SourceVersionDate "2018.10.10"]
[SourceQuality "1"]

1. e4 c5 2. Nf3 d6 3. d4 cxd4 4. Qxd4 Nf6 5. Nc3 a6 6. e5 Nc6 7. Qa4 dxe5 8. Nxe5 Bd7 9. Nxd7 Qxd7 10. Bd2 e6 11. 0-0-0 Qc8 12. Kb1 Be7 13. Bd3 b5 14. Qf4 0-0 15. Qg3 Rd8 16. Bh6 g6 17. Ne4 Nh5 18. Qe3 Ne5 19. h3 Nc4 20. Bxc4 Qxc4 21. Qf3 Rac8 22. Rxd8+ Rxd8 23. g4 Ng7 24. Nf6+ Kh8 25. h4 Qd4 26. Ne4 Kg8 27. Ng5 Qf6 28. Qe2 Ne8 29. Nxh7 Qd4 30. Ng5 Nc7 31. Ne4 b4 32. Bc1 Nb5 33. Qe3 Qd5 34. Re1 a5 35. Qb3 Qd4 36. Qe3 Qd7 37. g5 Kg7 38. h5 Rb8 39. h6+ Kh7 40. Nd2 a4 41. Qe5 Rg8 42. Re3 a3 43. Rd3 Qb7 44. Qe4 Qc7 45. Qc4 axb2 46. Bxb2 Qxc4 47. Nxc4 Bxg5 48. Ne5 Rf8 49. Nd7 Ra8 50. Nf6+ Bxf6 51. Bxf6 Nc3+ 52. Kc1 Nd5 53. Bg7 Rxa2 54. Kb1 Ra8 55. Kb2 g5 56. Rd4 Kg6 57. Rc4 Ra7 58. Rc8 Ne7 59. Rh8 Nf5 60. Rb8 Nxg7 61. hxg7 Kxg7 62. Rxb4 f5 63. Kc3 Kf6 64. Kd3 Ke5 65. c3 Ra2 66. Ke3 f4+ 67. Kf3 Kf5 68. Rb5+ e5 69. Rc5 g4+ 70. Kg2 g3 0-1

[Event "POL-chT U20"]
[Site "Szczyrk"]
[Date "2017.07.23"]
[Round "2.11"]
[White "Olechnicka, Karolina"]
[Black "Rudzinska, Michalina"]
[Result "0-1"]
[WhiteElo "1913"]
[BlackElo "1867"]
[PlyCount "52"]
[EventDate "2017.07.22"]
[EventType "team-tourn"]
[EventRounds "9"]
[EventCountry "POL"]
[SourceTitle "EXT 2019"]
[Source "ChessBase"]
[SourceDate "2018.10.10"]
[SourceVersion "1"]
[SourceVersionDate "2018.10.10"]
[SourceQuality "1"]

1. e4 c5 2. Nf3 e6 3. d4 cxd4 4. Nxd4 a6 5. Bd3 Qb6 6. Nb3 Qc7 7. 0-0 Nf6 8. f4 d6 9. Be3 Be7 10. Nc3 Nc6 11. Qf3 0-0 12. g4 g6 13. Qg2 Re8 14. h3 b5 15. f5 b4 16. Na4 Nd7 17. Qf2 Nce5 18. Rac1 Qc6 19. Nb6 Nxb6 20. Bxb6 Bf8 21. Bd4 exf5 22. exf5 Bb7 23. Kh2 Nf3+ 24. Kg3 Qc7 25. Bb6 Qe7 26. Na5 Qe5+ 0-1

[Event "Baltic Cup"]
[Site "Darlowko"]
[Date "2017.06.26"]
[Round "2"]
[White "Olechnicka, Karolina"]
[Black "Kucza, Karol"]
[Result "0-1"]
[WhiteElo "1931"]
[BlackElo "2278"]
[PlyCount "66"]
[EventDate "2017.06.25"]
[EventType "swiss"]
[EventRounds "9"]
[EventCountry "POL"]
[SourceTitle "EXT 2018"]
[Source "ChessBase"]
[SourceDate "2017.10.13"]
[SourceVersion "1"]
[SourceVersionDate "2017.10.13"]
[SourceQuality "1"]

1. e4 e5 2. Nf3 Nc6 3. d4 exd4 4. Bc4 Nf6 5. 0-0 Nxe4 6. Re1 d5 7. Bb5 Bc5 8. Nxd4 0-0 9. Be3 Nxd4 10. Bxd4 Bxd4 11. Qxd4 Qf6 12. Qxf6 Nxf6 13. Nc3 Bf5 14. Re7 c6 15. Bd3 Bd7 16. f3 Rfe8 17. Rae1 Kf8 18. R7e2 Rxe2 19. Rxe2 Re8 20. g4 h6 21. Kf2 Rxe2+ 22. Nxe2 Ke7 23. h4 Kd6 24. Ke3 c5 25. c3 g5 26. hxg5 hxg5 27. Ng3 Ke5 28. Ne2 d4+ 29. Kf2 Nd5 30. cxd4+ cxd4 31. Be4 b6 32. Nc1 Nf4 33. Ke1 Bxg4 0-1

[Event "POL-chT U20 1st League"]
[Site "Suchedniow"]
[Date "2016.07.27"]
[Round "5.5"]
[White "Olechnicka, Karolina"]
[Black "Kostecka, Marika"]
[Result "1-0"]
[WhiteElo "1883"]
[BlackElo "1693"]
[PlyCount "139"]
[EventDate "2016.07.23"]
[EventType "team-tourn"]
[EventRounds "9"]
[EventCountry "POL"]
[SourceTitle "EXT 2019"]
[Source "ChessBase"]
[SourceDate "2018.10.10"]
[SourceVersion "1"]
[SourceVersionDate "2018.10.10"]
[SourceQuality "1"]

1. e4 c5 2. Nf3 d6 3. d4 cxd4 4. Nxd4 Nf6 5. Nc3 a6 6. Be3 e5 7. Nb3 Be6 8. f3 Be7 9. Qd2 0-0 10. 0-0-0 a5 11. Bb5 Nbd7 12. Kb1 Nb6 13. Qf2 Nfd7 14. Bxd7 Nxd7 15. Nd5 Bxd5 16. Rxd5 Qc7 17. Rhd1 a4 18. Nc1 Rfb8 19. a3 b5 20. Na2 Rb7 21. R5d3 Rc8 22. Nb4 Bf8 23. g4 Nb8 24. h4 Nc6 25. Nd5 Qd8 26. c3 Rcb8 27. g5 Na5 28. f4 Nc4 29. Bc1 Nb6 30. Nb4 Qc7 31. f5 Qc4 32. Qe2 Nd7 33. Qf3 Nc5 34. Re3 Nb3 35. h5 Nxc1 36. Rxc1 Rc8 37. g6 d5 38. Qe2 Qxe2 39. Rxe2 Bxb4 40. axb4 hxg6 41. exd5 gxh5 42. Rxe5 Rd8 43. Rh1 Rbd7 44. Rxh5 Rxd5 45. f6 Rd1+ 46. Ka2 g6 47. Rh2 Rf1 48. Rxb5 Rxf6 49. Ka3 Ra6 50. Rg5 Kg7 51. b5 Rb6 52. Kxa4 f5 53. c4 Rdb8 54. Kb4 Kf6 55. Rhg2 Kf7 56. Rg1 R8b7 57. R5g2 Rb8 58. Rg3 R8b7 59. Ka5 Rb8 60. Rb3 Rf6 61. c5 f4 62. Rf3 Rf5 63. b4 g5 64. Ka6 Rf6+ 65. b6 Kg6 66. Ka7 Rff8 67. b7 Rbd8 68. c6 Rd6 69. c7 Rff6 70. c8Q 1-0

[Event "POL-chT U20 1st League"]
[Site "Suchedniow"]
[Date "2016.07.26"]
[Round "4.29"]
[White "Waszczuk, Patrycja"]
[Black "Olechnicka, Karolina"]
[Result "1-0"]
[WhiteElo "1867"]
[BlackElo "1883"]
[PlyCount "65"]
[EventDate "2016.07.23"]
[EventType "team-tourn"]
[EventRounds "9"]
[EventCountry "POL"]
[SourceTitle "EXT 2019"]
[Source "ChessBase"]
[SourceDate "2018.10.10"]
[SourceVersion "1"]
[SourceVersionDate "2018.10.10"]
[SourceQuality "1"]

1. e4 c5 2. Nf3 d6 3. d4 cxd4 4. Nxd4 Nf6 5. Nc3 a6 6. Bg5 Nbd7 7. Qe2 b5 8. a3 Qa5 9. Nb3 Qc7 10. 0-0-0 e6 11. f4 Be7 12. g4 Bb7 13. Bg2 0-0 14. Bh4 Nc5 15. Nxc5 Qxc5 16. g5 Nd7 17. Bf2 Qc7 18. h4 Rac8 19. Bd4 Nc5 20. f5 e5 21. Bxc5 Qxc5 22. f6 gxf6 23. gxf6 Bxf6 24. Bh3 Rcd8 25. Rhg1+ Kh8 26. Bf5 h6 27. Qh5 Bg7 28. Rg3 Bc8 29. Rdg1 Bxf5 30. exf5 Rg8 31. f6 e4 32. fxg7+ Kh7 33. Qxc5 1-0

[Event "POL-chT U20 1st League"]
[Site "Suchedniow"]
[Date "2016.07.25"]
[Round "3.11"]
[White "Olechnicka, Karolina"]
[Black "Kindler, Karolina"]
[Result "1-0"]
[WhiteElo "1883"]
[BlackElo "1714"]
[PlyCount "133"]
[EventDate "2016.07.23"]
[EventType "team-tourn"]
[EventRounds "9"]
[EventCountry "POL"]
[SourceTitle "EXT 2019"]
[Source "ChessBase"]
[SourceDate "2018.10.10"]
[SourceVersion "1"]
[SourceVersionDate "2018.10.10"]
[SourceQuality "1"]

1. e4 c5 2. Nf3 e6 3. d4 cxd4 4. Nxd4 Nf6 5. Nc3 d6 6. g4 a6 7. g5 Nfd7 8. Be3 b5 9. a3 Nb6 10. Rg1 Bb7 11. h4 Nc6 12. h5 g6 13. Nxc6 Bxc6 14. Qd4 e5 15. Qxb6 Qc8 16. Bh3 Qb7 17. Qxb7 Bxb7 18. h6 Bc8 19. Bxc8 Rxc8 20. 0-0-0 Be7 21. Nd5 Bd8 22. Bb6 Bxb6 23. Nxb6 Rc6 24. Nd5 Kd7 25. Rg3 Rhc8 26. Rd2 Ke6 27. Rf3 Rf8 28. Rf6+ Kd7 29. f4 exf4 30. Nxf4 Ke7 31. Nd5+ Ke8 32. Nb4 Rb6 33. Rfxd6 Rxd6 34. Rxd6 Ke7 35. e5 Re8 36. Nd5+ Kf8 37. Nf6 Rxe5 38. Nd7+ Ke7 39. Nxe5 Kxd6 40. Nxf7+ Ke6 41. Nd8+ Kf5 42. Kd2 Kxg5 43. b3 Kxh6 44. c4 bxc4 45. bxc4 Kg5 46. Ke3 h5 47. Nb7 h4 48. Nc5 Kf5 49. a4 h3 50. a5 h2 51. Ne4 Ke5 52. Ng3 g5 53. Nh1 g4 54. Ng3 Ke6 55. Ke4 Kf6 56. c5 Ke6 57. Kd4 Kf6 58. c6 Ke6 59. Kc5 Ke5 60. c7 Kf4 61. Nh1 g3 62. c8Q g2 63. Qc7+ Kf3 64. Qg3+ Ke2 65. Qxg2+ Ke1 66. Qc2 Kf1 67. Qf2# 1-0

[Event "POL-ch U18 Girls"]
[Site "Szklarska Poreba"]
[Date "2016.03.15"]
[Round "4"]
[White "Olechnicka, Karolina"]
[Black "Konopacka, Martyna"]
[Result "1-0"]
[WhiteElo "1776"]
[BlackElo "1905"]
[PlyCount "51"]
[EventDate "2016.03.13"]
[EventType "swiss"]
[EventRounds "9"]
[EventCountry "POL"]
[SourceTitle "EXT 2018"]
[Source "ChessBase"]
[SourceDate "2017.10.13"]
[SourceVersion "1"]
[SourceVersionDate "2017.10.13"]
[SourceQuality "1"]

1. e4 e5 2. Nf3 Nc6 3. d4 exd4 4. Bc4 Bc5 5. c3 Nf6 6. e5 d5 7. Bb5 Ne4 8. cxd4 Bb6 9. Nc3 0-0 10. Be3 Bg4 11. Qc2 Nxc3 12. bxc3 f6 13. exf6 Qxf6 14. 0-0-0 h6 15. Rhg1 Ne7 16. Rde1 Ng6 17. Bd3 Nf4 18. Bh7+ Kh8 19. Ne5 g6 20. Nxg4 Qf7 21. g3 Kxh7 22. Bxf4 c5 23. h4 cxd4 24. h5 dxc3 25. hxg6+ Qxg6 26. Re7+ 1-0

[Event "POL-chT 2nd League"]
[Site "Jastrzebia Gora"]
[Date "2015.09.11"]
[Round "7.72"]
[White "Olechnicka, Karolina"]
[Black "Bukowska, Katarzyna"]
[Result "1-0"]
[WhiteElo "1747"]
[BlackElo "1923"]
[PlyCount "125"]
[EventDate "2015.09.05"]
[EventType "team-swiss"]
[EventRounds "9"]
[EventCountry "POL"]
[SourceTitle "EXT 2017"]
[Source "ChessBase"]
[SourceDate "2016.10.25"]
[SourceVersion "1"]
[SourceVersionDate "2016.10.25"]
[SourceQuality "1"]
[WhiteTeam "Chylice KS Laura"]
[BlackTeam "Konin Hetman"]
[WhiteTeamCountry "POL"]
[BlackTeamCountry "POL"]

1. e4 e5 2. Nf3 Nc6 3. d4 exd4 4. Bc4 Nf6 5. e5 d5 6. Bb5 Ne4 7. Nxd4 Bd7 8. Bxc6 bxc6 9. 0-0 Bc5 10. Be3 Bb6 11. f3 Ng5 12. Qd3 h6 13. Nb3 Qe7 14. Nc3 Bf5 15. Qd2 Ne6 16. Na4 Bxe3+ 17. Qxe3 0-0 18. c3 Bc2 19. Nac5 Nxc5 20. Nxc5 Rab8 21. b4 a5 22. Rf2 Bf5 23. Rb2 Rfd8 24. Rd1 Qg5 25. Qd4 Rb6 26. Re2 Qg6 27. bxa5 Rb5 28. a4 Rbb8 29. a6 Bc8 30. a7 Ra8 31. Nb3 c5 32. Qxc5 Qb6 33. Qxb6 cxb6 34. Red2 Rxa7 35. Rxd5 Rxd5 36. Rxd5 Be6 37. Rb5 Rxa4 38. Rxb6 Ra3 39. Nd4 Bc4 40. Kf2 Ra2+ 41. Kg1 Ra1+ 42. Kf2 Ra2+ 43. Ke3 Rxg2 44. h4 Rh2 45. Rc6 Ba2 46. Rc8+ Kh7 47. c4 Rxh4 48. c5 Rh1 49. c6 Rc1 50. c7 h5 51. Ra8 Rxc7 52. Rxa2 g6 53. f4 Kg7 54. Ke4 Rd7 55. f5 gxf5+ 56. Nxf5+ Kh7 57. Rh2 Ra7 58. Rxh5+ Kg8 59. Nd6 Ra4+ 60. Kf5 Ra1 61. Kf6 Ra7 62. Rg5+ Kf8 63. Rg7 1-0

[Event "POL-chT 2nd League"]
[Site "Jastrzebia Gora"]
[Date "2015.09.08"]
[Round "4.96"]
[White "Pyzewska, Ewelina"]
[Black "Olechnicka, Karolina"]
[Result "0-1"]
[WhiteElo "1316"]
[BlackElo "1747"]
[PlyCount "80"]
[EventDate "2015.09.05"]
[EventType "team-swiss"]
[EventRounds "9"]
[EventCountry "POL"]
[SourceTitle "EXT 2017"]
[Source "ChessBase"]
[SourceDate "2016.10.25"]
[SourceVersion "1"]
[SourceVersionDate "2016.10.25"]
[SourceQuality "1"]
[WhiteTeam "Swiecie Gambit"]
[BlackTeam "Chylice KS Laura"]
[WhiteTeamCountry "POL"]
[BlackTeamCountry "POL"]

1. e4 c5 2. Nf3 d6 3. c3 Nc6 4. d4 Bg4 5. Be2 cxd4 6. cxd4 e5 7. dxe5 dxe5 8. Qxd8+ Rxd8 9. Bg5 Be7 10. Be3 Nf6 11. Nbd2 0-0 12. a3 Rd7 13. 0-0 Rfd8 14. Rfd1 Bh5 15. Bg5 h6 16. Bxf6 Bxf6 17. Rac1 Bg5 18. Nb3 Bxc1 19. Rxc1 Bxf3 20. Bxf3 Nd4 21. Bd1 Ne6 22. Bg4 Rc7 23. Rxc7 Nxc7 24. Kf1 Kf8 25. Ke2 Rd6 26. Nc5 Ke7 27. b4 b6 28. Nd3 f6 29. a4 Rd4 30. Ke3 Na6 31. b5 Nc5 32. Nxc5 bxc5 33. a5 Kd6 34. g3 c4 35. Be2 Kc5 36. b6 axb6 37. axb6 Kxb6 38. f4 Kc5 39. fxe5 fxe5 40. h4 Kb4 0-1

[Event "POL-chT U19 1st League"]
[Site "Ustron"]
[Date "2015.07.31"]
[Round "7.11"]
[White "Stebel, Agata"]
[Black "Olechnicka, Karolina"]
[Result "1/2-1/2"]
[WhiteElo "1864"]
[BlackElo "1892"]
[PlyCount "108"]
[EventDate "2015.07.25"]
[EventType "team-tourn"]
[EventRounds "9"]
[EventCountry "POL"]
[SourceTitle "EXT 2018"]
[Source "ChessBase"]
[SourceDate "2017.10.13"]
[SourceVersion "1"]
[SourceVersionDate "2017.10.13"]
[SourceQuality "1"]
[WhiteTeam "Rydultowy Ognisko U19"]
[BlackTeam "Chylice KS Laura U19"]
[WhiteTeamCountry "POL"]
[BlackTeamCountry "POL"]

1. e4 c5 2. d4 cxd4 3. c3 dxc3 4. Nxc3 Nc6 5. Nf3 g6 6. Bc4 d6 7. 0-0 Bg7 8. Ng5 Ne5 9. Bb3 Nh6 10. f4 Neg4 11. Qf3 0-0 12. h3 Nf6 13. Be3 Ne8 14. Rad1 e6 15. Nb5 Qe7 16. Qg3 b6 17. Qh4 Bd7 18. Nc3 Nc7 19. Bd4 f6 20. Nf3 Rae8 21. Qf2 Kh8 22. Qd2 Nb5 23. Be3 Nf7 24. Rc1 Rc8 25. Rfd1 Nxc3 26. bxc3 Bc6 27. Nd4 Bd7 28. Qd3 Rfe8 29. Nb5 Bxb5 30. Qxb5 Rc7 31. Qd3 Rec8 32. c4 e5 33. f5 gxf5 34. exf5 Rd8 35. Qd5 Bh6 36. Qd3 Bxe3+ 37. Qxe3 Rc5 38. Re1 Qb7 39. Rcd1 Rg8 40. Qf2 Rg5 41. Re2 Rc8 42. Kh2 Qd7 43. Rf1 Nh6 44. g4 Rxg4 45. Qe3 Rg5 46. Rg2 Nxf5 47. Qf2 Rxg2+ 48. Kxg2 Rg8+ 49. Kh2 Qg7 50. c5 Ne3 51. Bxg8 Nxf1+ 52. Qxf1 Kxg8 53. cxd6 Kf8 54. Qf5 Qg5 1/2-1/2

[Event "POL-chT U19 1st League"]
[Site "Ustron"]
[Date "2015.07.26"]
[Round "2.23"]
[White "Pyzio, Amelia"]
[Black "Olechnicka, Karolina"]
[Result "0-1"]
[WhiteElo "1409"]
[BlackElo "1892"]
[PlyCount "176"]
[EventDate "2015.07.25"]
[EventType "team-tourn"]
[EventRounds "9"]
[EventCountry "POL"]
[SourceTitle "EXT 2018"]
[Source "ChessBase"]
[SourceDate "2017.10.13"]
[SourceVersion "1"]
[SourceVersionDate "2017.10.13"]
[SourceQuality "1"]
[WhiteTeam "Chrzanow UKS SP 8 U19"]
[BlackTeam "Chylice KS Laura U19"]
[WhiteTeamCountry "POL"]
[BlackTeamCountry "POL"]

1. e4 c5 2. Nf3 d6 3. d4 cxd4 4. Nxd4 Nf6 5. f3 a6 6. c4 Nc6 7. Nc3 e6 8. Be3 Be7 9. Qd2 Qc7 10. Be2 0-0 11. 0-0 Ne5 12. Rac1 b6 13. Rfd1 Bb7 14. Nb3 Rfd8 15. Kh1 Rac8 16. Bf2 Ned7 17. Qe3 h6 18. Nd4 Ne5 19. b4 Nxc4 20. Bxc4 Qxc4 21. a3 Qc7 22. Nb3 Qc4 23. Nd2 Qc6 24. Qxb6 Nd7 25. Qxc6 Rxc6 26. Ne2 Rdc8 27. Nb3 Rc2 28. Rxc2 Rxc2 29. Rd2 Rc8 30. Bd4 Bg5 31. Ra2 d5 32. f4 Be7 33. e5 f6 34. Kg1 Kf7 35. Rd2 fxe5 36. fxe5 Bg5 37. Ra2 Rc7 38. Kf1 Be7 39. Rd2 Bg5 40. Ra2 Bd8 41. Ke1 Rc4 42. Kd1 Bc6 43. Ke1 Ba4 44. Nd2 Rc8 45. Nc3 Bc6 46. Nf3 Nb6 47. Rf2 Ke8 48. Ra2 g5 49. h3 Nc4 50. Ra1 Bb6 51. Ra2 Bd7 52. Bxb6 Nxb6 53. Ne2 Ba4 54. Kf2 Kf7 55. Ned4 Rc3 56. Ne2 Rd3 57. Ne1 Rb3 58. Nd4 Rc3 59. Ne2 Rc7 60. Nd3 Bb5 61. Nc5 Nc4 62. a4 Be8 63. Nxa6 Ra7 64. b5 Nxe5 65. Nd4 Nc4 66. Rc2 e5 67. Nb3 Ke6 68. Nbc5+ Ke7 69. Rc1 Ra8 70. Rb1 Bg6 71. Ra1 Be8 72. Nc7 Rc8 73. N5a6 Kd6 74. a5 Rxc7 75. Nxc7 Kxc7 76. b6+ Kb8 77. Rd1 d4 78. Ra1 Bc6 79. g3 e4 80. Rd1 d3 81. h4 g4 82. Rc1 e3+ 83. Kf1 d2 84. Ra1 Bf3 85. a6 d1Q+ 86. Rxd1 Bxd1 87. Ke1 e2 88. h5 Ne5 0-1

[Event "POL-ch U16 Girls"]
[Site "Karpacz"]
[Date "2015.??.??"]
[Round "7"]
[White "Olechnicka, Karolina"]
[Black "Daliga, Anita"]
[Result "0-1"]
[WhiteElo "1865"]
[BlackElo "1416"]
[PlyCount "103"]
[EventDate "2015.03.??"]
[EventType "swiss"]
[EventRounds "9"]
[EventCountry "POL"]
[SourceTitle "EXT 2017"]
[Source "ChessBase"]
[SourceDate "2016.10.25"]
[SourceVersion "1"]
[SourceVersionDate "2016.10.25"]
[SourceQuality "1"]

1. e4 e5 2. Nf3 Nc6 3. d4 exd4 4. Bc4 Bb4+ 5. c3 dxc3 6. bxc3 Ba5 7. 0-0 d6 8. Qb3 Qe7 9. e5 dxe5 10. Re1 Bb6 11. Nxe5 Nxe5 12. Qb5+ c6 13. Qxe5 Qxe5 14. Rxe5+ Be6 15. Bg5 Kd7 16. Na3 Re8 17. Rd1+ Kc8 18. Bxe6+ fxe6 19. Nc4 Bc7 20. Nd6+ Bxd6 21. Rxd6 Nf6 22. f4 Rhf8 23. g3 h6 24. Bh4 Kc7 25. Rdxe6 Rxe6 26. Rxe6 Kd7 27. Re5 Re8 28. Bxf6 gxf6 29. Rh5 Rh8 30. g4 Ke6 31. Kf2 b5 32. Ke3 a5 33. h3 a4 34. Kd4 Kd6 35. g5 c5+ 36. Ke4 fxg5 37. fxg5 Re8+ 38. Kd3 hxg5 39. Rxg5 Rh8 40. Rg3 Rh4 41. Rf3 b4 42. Rg3 c4+ 43. Kd2 b3 44. axb3 axb3 45. Kc1 Ke5 46. Re3+ Kf4 47. Kd2 Rh5 48. Re7 Rxh3 49. Rf7+ Ke5 50. Rd7 Rh2+ 51. Ke3 Rc2 52. Rd8 0-1

[Event "POL-ch U16 Girls"]
[Site "Karpacz"]
[Date "2015.??.??"]
[Round "9"]
[White "Olechnicka, Karolina"]
[Black "Skorupa, Oliwia"]
[Result "1-0"]
[WhiteElo "1865"]
[BlackElo "1565"]
[PlyCount "47"]
[EventDate "2015.03.??"]
[EventType "swiss"]
[EventRounds "9"]
[EventCountry "POL"]
[SourceTitle "EXT 2017"]
[Source "ChessBase"]
[SourceDate "2016.10.25"]
[SourceVersion "1"]
[SourceVersionDate "2016.10.25"]
[SourceQuality "1"]

1. e4 e5 2. Nf3 Nc6 3. d4 exd4 4. Bc4 Qf6 5. 0-0 d6 6. c3 Bg4 7. Qb3 Rb8 8. Nxd4 Nxd4 9. cxd4 Ne7 10. Nc3 Bd7 11. Be3 g6 12. e5 dxe5 13. Ne4 Qg7 14. dxe5 Nc6 15. Bxf7+ Kd8 16. e6 Qe5 17. Rad1 Qxe4 18. Bg5+ Be7 19. Rxd7+ Kc8 20. Bxe7 Nxe7 21. Rxe7 Rd8 22. Rc1 c6 23. Qg3 Qd4 24. Qc7# 1-0

[Event "POL-chT U19 2nd League"]
[Site "Szczyrk"]
[Date "2014.08.01"]
[Round "10.11"]
[White "Glapa, Anna"]
[Black "Olechnicka, Karolina"]
[Result "0-1"]
[WhiteElo "1680"]
[BlackElo "1723"]
[PlyCount "110"]
[EventDate "2014.07.25"]
[EventType "team-swiss"]
[EventRounds "11"]
[EventCountry "POL"]
[SourceTitle "EXT 2015"]
[Source "ChessBase"]
[SourceDate "2014.11.20"]
[SourceVersion "1"]
[SourceVersionDate "2014.11.20"]
[SourceQuality "1"]
[WhiteTeam "Leszno Wieniawa U19"]
[BlackTeam "Tczew Skoczek U19"]
[WhiteTeamCountry "POL"]
[BlackTeamCountry "POL"]

1. e4 c5 2. Nf3 d6 3. d4 cxd4 4. Nxd4 Nf6 5. Nc3 a6 6. Be2 e6 7. 0-0 Be7 8. f4 0-0 9. Kh1 Qc7 10. Bf3 Nc6 11. Nxc6 bxc6 12. Qe1 d5 13. g4 Bb4 14. e5 Ne4 15. Bxe4 dxe4 16. Bd2 c5 17. a3 e3 18. Qxe3 Bb7+ 19. Kg1 Qc6 20. Qe4 Bxc3 21. Qxc6 Bd4+ 22. Kg2 Bxc6+ 23. Kg3 Bxb2 24. Ra2 Rab8 25. Rb1 Bxe5 26. Rxb8 Bxb8 27. Be3 g5 28. h4 gxf4+ 29. Bxf4 Bxf4+ 30. Kxf4 Rb8 31. c4 Rb3 32. Ke5 Rg3 33. Kd6 Ba4 34. g5 Bb3 35. Rb2 Bxc4 36. Rb8+ Kg7 37. Kxc5 Bb5 38. Rd8 Rc3+ 39. Kb4 Rc4+ 40. Ka5 Rxh4 41. Rd6 h6 42. gxh6+ Kxh6 43. Rd8 e5 44. Rd6+ Kg5 45. Rd5 f6 46. Rc5 Ra4+ 47. Kb6 Rxa3 48. Rd5 Kf4 49. Rd6 f5 50. Kc5 e4 51. Kb4 Rd3 52. Rh6 e3 53. Ka5 e2 54. Re6 Re3 55. Rxe3 Kxe3 0-1